000 01178nam a22003497a 4500
003 CHAP
005 20220329135734.0
008 971013s1979 us a r 00010 eng d
010 _a41309
011 _a42281
035 _a46409
040 _cCHAP
082 0 4 _a580
_bM85 1979
100 0 0 _aMuller, Walter H.
_979445
245 1 _aBotany
_b: a functional approach
250 _a4 ed.
260 _aNew York :
_bMacMillan,
_c1979
300 _a684 p.
_b: ilus
490 _aCollier Macmillan International editions
500 _aGlosario pp. 640-652
590 _aBATCH-UPD
_b10
_c20130110
_lUCH01
_h1819
590 _aBATCH-UPD
_b10
_c20130410
_lUCH01
_h1153
590 _aBATCH-UPD
_b10
_c20130914
_lUCH01
_h0732
590 _aCONVERSION
_b10
_c20130109
_lUCH01
_h1323
650 1 4 _aBotánica.
_914477
830 0 _aCollier Macmillan International editions
_925264
901 _aBK
942 _cLIBRO
949 _a580 M85 1979
_bBC
_cLIBRO
_d33724000501748
_eLIBRO
_fc.3
_h49067
_i46409
_si
_t341.00
949 _a580 M85 1979
_bBC
_cLIBRO
_d33724000501763
_eLIBRO
_h11927
_i46409
_si
_t341.00
949 _a580 M85 1979
_bBC
_cLIBRO
_d33724000665014
_eLIBRO
_fc.2
_h48554
_i46409
_si
_t341.00
999 _c41309
_d41309